Southville International School and Colleges
Your cart is empty.
  • Cart
  • Lists
    Public lists Eva Luna New books Lux_list list_1
    Your lists Log in to create your own lists
  • Log in to your account
  • Your cookies
  • Search history
Southville International School and Colleges
  • Advanced search
  • Recent comments
  • Most popular
  • Libraries

Log in to your account

Log in with GOOGLE


If you do not have an external account, but do have a local account, you can still log in:

  1. Home
  2. MARC view: Noli Me Tangere /
Normal view MARC view ISBD view

Noli Me Tangere / (Record no. 292323)

[ view plain ]
MARC details
000 -LEADER
fixed length control field 00532nam a2200193Ia 4500
008 - FIXED-LENGTH DATA ELEMENTS--GENERAL INFORMATION
fixed length control field 160319s9999 xx 000 0 und d
020 ## - INTERNATIONAL STANDARD BOOK NUMBER
International Standard Book Number 9715691870
050 ## - LIBRARY OF CONGRESS CALL NUMBER
Item number R627n 1996
100 ## - MAIN ENTRY--PERSONAL NAME
Personal name Rizal, Jose
245 ## - TITLE STATEMENT
Title Noli Me Tangere /
245 ## - TITLE STATEMENT
Statement of responsibility, etc Jose Rizal ; translated by Ma. Soledad Lacson-Locsin ; edited by Raul L. Locsin.
260 ## - PUBLICATION, DISTRIBUTION, ETC. (IMPRINT)
Place of publication, distribution, etc Makati City :
260 ## - PUBLICATION, DISTRIBUTION, ETC. (IMPRINT)
Name of publisher, distributor, etc Bookmark,
260 ## - PUBLICATION, DISTRIBUTION, ETC. (IMPRINT)
Date of publication, distribution, etc 1996
300 ## - PHYSICAL DESCRIPTION
Extent 1 v 452 pages :
300 ## - PHYSICAL DESCRIPTION
Dimensions 24 cm.
700 ## - ADDED ENTRY--PERSONAL NAME
Personal name Locsin, Ma. Soledad Lacson.
700 ## - ADDED ENTRY--PERSONAL NAME
Personal name Locsin, Raul L.
Holdings
Withdrawn status Lost status Damaged status Home library Current library Shelving location Date acquired Total Checkouts Full call number Barcode Date last seen Price effective from Koha item type
      Stonyhurst Southville International School (Batangas) Stonyhurst Southville International School (Batangas) Filipiniana Section 03/19/2016   Fil Fic R627n 1996 US 0772 03/19/2016 03/19/2016 Books

Noli Me Tangere /

APA

Rizal J., Locsin M. S. L. & Locsin R. L.Noli Me Tangere. Makati City: .

Chicago

Rizal Jose, Locsin Ma Soledad Lacson and Locsin Raul L.Noli Me Tangere. Makati City: .

Harvard

Rizal J., Locsin M. S. L. and Locsin R. L.Noli Me Tangere. Makati City: .

MLA

Rizal Jose, Locsin Ma Soledad Lacson and Locsin Raul L.Makati City: . .

  • Place hold
  • Print
  • Cite
  • Add to your cart (remove)
  • Save record
    BIBTEX Dublin Core MARCXML MARC (non-Unicode/MARC-8) MARC (Unicode/UTF-8) MARC (Unicode/UTF-8, Standard) MODS (XML) RIS
  • More searches
    Search for this title in:
    Other Libraries (WorldCat) Other Databases (Google Scholar) Online Stores (Bookfinder.com) Open Library (openlibrary.org)

Exporting to Dublin Core...

SOUTHVILLE LIBRARY

Southville International School and Colleges Library

1281 Tropical Ave. Cor. Luxembourg St., BF Homes International, Las Pinas City

Tel. No. 8256374 / 252358 Loc. 117/146

Powered by Koha